Studies in Timothy / (Record no. 15729)
[ view plain ]
| 000 -LEADER | |
|---|---|
| fixed length control field | 00467nam a2200133 4500 |
| 008 - FIXED-LENGTH DATA ELEMENTS--GENERAL INFORMATION | |
| fixed length control field | 030710s1959 tnu 000 0 eng |
| 090 ## - LOCALLY ASSIGNED LC-TYPE CALL NUMBER (OCLC); LOCAL CALL NUMBER (OCLC) | |
| Classification number (OCLC) (R) ; Classification number, CALL (RLIN) (NR) | BS2745.5 |
| Local cutter number (OCLC) ; Book number/undivided call number, CALL (RLIN) | T72 |
| 100 1# - MAIN ENTRY--PERSONAL NAME | |
| Personal name | Trentham, Charles Arthur, |
| Dates associated with a name | 1919- |
| 245 10 - TITLE STATEMENT | |
| Title | Studies in Timothy / |
| Statement of responsibility, etc | Charles A. Trentham. |
| 260 ## - PUBLICATION, DISTRIBUTION, ETC. (IMPRINT) | |
| Place of publication, distribution, etc | Nashville : |
| Name of publisher, distributor, etc | Convention Press, |
| Date of publication, distribution, etc | c1959. |
| 300 ## - PHYSICAL DESCRIPTION | |
| Extent | 144 p. ; |
| Dimensions | 19 cm. |
| 650 #4 - SUBJECT ADDED ENTRY--TOPICAL TERM | |
| Topical term or geographic name as entry element | Bible. N.T. Timothy |
| General subdivision | Study |
| -- | Textbooks. |
| 951 ## - EQUIVALENCE OR CROSS-REFERENCE-GEOGRAPHIC NAME/AREA NAME [OBSOLETE] [CAN/MARC only] | |
| General subdivision | 00004240 |
| 951 ## - EQUIVALENCE OR CROSS-REFERENCE-GEOGRAPHIC NAME/AREA NAME [OBSOLETE] [CAN/MARC only] | |
| -- | 5339 |
| -- | BS2745.5/T72 |
| -- | 070613111249906 |
| -- | 2000-12-21 |
| -- | GC |
| Withdrawn status | Lost status | Damaged status | Not for loan | Home library | Current library | Shelving location | Date acquired | Accession number | Shelving control number | Total Checkouts | Full call number | Barcode | Date last seen | Price effective from | Koha item type |
|---|---|---|---|---|---|---|---|---|---|---|---|---|---|---|---|
| BSOP Library | BSOP Library | GC | 12/21/2000 | 5339 | 127 | BS2745.5/T72 | 00004240 | 02/23/2013 | 02/23/2013 | Books |
